| 000 | 01453nam0a22003131 4500 | ||
|---|---|---|---|
| 001 | rc\3411288 | ||
| 005 | 20260407192247.0 | ||
| 021 |
_aRU _b73-22149 |
||
| 021 |
_aRU _bРг6967-73 |
||
| 035 | _a(NLR Aleph) 007552056 | ||
| 090 |
_a5212055 _c5212055 |
||
| 100 | _a20130115d1972 |||y0rusy50 ca | ||
| 101 | 0 | _arus | |
| 102 | _aRU | ||
| 105 | _aab z ||||| | ||
| 200 | 1 |
_aМетодические рекомендации по использованию глинистых минералов для расчленения разреза мезозойских и кайнозойских отложений Урала _fМ-во геологии РСФСР. Уральское территор. геол. упр. Уральская комплексная съемочная экспедиция |
|
| 210 |
_aСвердловск _cБ. и. _d1972 |
||
| 215 |
_a50 с., 1 л. схем. _cил., карт. _d21 |
||
| 300 | _aНа обл. авт. не указаны | ||
| 320 | _aБиблиогр.: с. 46-48 | ||
| 700 | 1 |
_7ca _8rus _aРабинович _bС. Д. _cгеолог _gСофья Давыдовна _9225763 _3RU\NLR\AUTH\770225819 |
|
| 701 | 1 |
_aЦаур _bГ.И. |
|
| 712 | 0 | 2 |
_aУральское территориальное геологическое управление _3RU\NLR\AUTH\8810125629 _9748677 |
| 801 | 0 |
_aRU _bNLR _gpsbo |
|
| 801 | 1 |
_aRU _bELAR _2rusmarc |
|
| 852 |
_aNLR _j73-4/12835 |
||
| 942 | _cBOOK | ||
| 980 | _aNB | ||